| 000 | 00699nam a22002417a 4500 | ||
|---|---|---|---|
| 005 | 20260513104930.0 | ||
| 008 | 260507b |||||||| |||| 00| 0 eng d | ||
| 020 | _a9789337282559 | ||
| 040 | _cAL | ||
| 041 | _aEnglish | ||
| 082 |
_a658.1511 _bGUPM |
||
| 100 |
_aShashi K Gupta _9263880 |
||
| 245 |
_aManagement accounting _b: principles and practice |
||
| 250 | _a15. | ||
| 260 |
_aLudhiana _bKalyani Publishers _c2023 |
||
| 300 |
_a1425p. _bPB _c24x18cm |
||
| 365 |
_a6831 _b₹680.00 _c₹ _d₹850.00 _e20% _f14-03-2026 |
||
| 650 |
_aFinancial Statements _9263488 |
||
| 650 |
_aRatio Analysis _9263489 |
||
| 700 |
_aSharma, Rk _9263490 |
||
| 700 |
_aGupta, Neeti _9263491 |
||
| 942 |
_2ddc _cBK |
||
| 999 |
_c241409 _d241409 |
||